C.Write mills and the power elite. (Record no. 678329)
[ view plain ]
| 000 -LEADER | |
|---|---|
| fixed length control field | 00631nam a2200229Ia 4500 |
| 003 - CONTROL NUMBER IDENTIFIER | |
| control field | OSt |
| 005 - DATE AND TIME OF LATEST TRANSACTION | |
| control field | 20220926045653.0 |
| 008 - FIXED-LENGTH DATA ELEMENTS--GENERAL INFORMATION | |
| fixed length control field | 220923b |||||||| |||| 00| 0 eng d |
| 020 ## - INTERNATIONAL STANDARD BOOK NUMBER | |
| International Standard Book Number | 0807041858 |
| 037 ## - SOURCE OF ACQUISITION | |
| Terms of availability | General Book |
| 040 ## - CATALOGING SOURCE | |
| Original cataloging agency | RTL |
| Transcribing agency | RTL |
| Language of cataloging | eng |
| 041 ## - LANGUAGE CODE | |
| Source of code | eng |
| Language code of text/sound track or separate title | eng |
| 100 ## - MAIN ENTRY--PERSONAL NAME | |
| Personal name | Domhoff G W |
| 9 (RLIN) | 350522 |
| 245 #0 - TITLE STATEMENT | |
| Title | C.Write mills and the power elite. |
| 300 ## - PHYSICAL DESCRIPTION | |
| Extent | viii,278p. |
| Dimensions | cm. |
| 700 ## - ADDED ENTRY--PERSONAL NAME | |
| Personal name | Ballard H B |
| 9 (RLIN) | 350523 |
| 942 ## - ADDED ENTRY ELEMENTS (KOHA) | |
| Classification part | Y48.73.N5:g, K8/TD |
| Koha item type | General Books |
| Source of classification or shelving scheme | Colon Classification (CC) |
| Withdrawn status | Lost status | Damaged status | Not for loan | Home library | Current library | Date acquired | Total Checkouts | Full call number | Barcode | Date last seen | Price effective from | Koha item type |
|---|---|---|---|---|---|---|---|---|---|---|---|---|
| Ratan Tata Library | Ratan Tata Library | 2022-09-26 | Y48.73.N5:g K8/TD | RT00528797 Tex | 2022-09-26 | 2022-09-26 | General Books |
